| 000 | 00507nam a22001817a 4500 | ||
|---|---|---|---|
| 003 | NUST - PNEC | ||
| 005 | 20170116181041.0 | ||
| 008 | 150922b xxu||||| |||| 00| 0 eng d | ||
| 020 | _a0201533766 | ||
| 040 | _cLIBRARY | ||
| 082 | _a621.395 WES | ||
| 100 |
_911605 _a Weste, Neil H. E |
||
| 245 |
_aPrinciples of CMOS VLSI design : a systems perspective _cNeil H. E Weste |
||
| 250 | _a2nd ed. | ||
| 260 | _cc 1993 | ||
| 650 |
_911583 _aMetal oxide semiconductors, Complementary _xME |
||
| 942 |
_2ddc _cBK |
||
| 999 |
_c68106 _d68106 |
||